| 000 | 00430cam a2200157 a 4500 | ||
|---|---|---|---|
| 020 | _a0675204453 | ||
| 040 | _cDLC | ||
| 082 | 0 | 0 | _a658 MER 1987 A049 Or. |
| 100 | 1 | _aRisch, Ernest H. | |
| 245 | 1 | 0 |
_aRetail merchandising : _bconcepts, dynamics, and applications / |
| 260 |
_aColumbus : _bMerrill Pub. Co., _cc1987. |
||
| 300 |
_ax, 591 p. : _bill. ; _c25 cm. |
||
| 650 | 0 | _aRetail trade. | |
| 650 | 0 | _aMerchandising. | |
| 942 | _cEK | ||
| 999 |
_c13971 _d13971 |
||